Zabezpečení postupu ekonomické reformy v základních proporcích státního rozpočtu České republiky na rok 1992.
Zásadné zmeny zaužívaných ekonomických mechanizmov. Rozpočtové vzťahy a východiská ich formovania. Zameranie štátneho rozpočtu Českej republiky na rok 1992 a zásadné zmeny úlohy štátu v ekonomike. Stručný prehľad príjmov a výdavkov. Problematika územných rozpočtov v roku 1992.
Enregistré dans:
| Auteur principal: | |
|---|---|
| Format: | Chapitre de livre |
| Langue: | tchèque |
| Sujets: | |
| Tags: |
Pas de tags, Soyez le premier à ajouter un tag!
|
MARC
| LEADER | 00000naa a2200000 4500 | ||
|---|---|---|---|
| 001 | r007626 | ||
| 005 | 20220831085456.1 | ||
| 041 | 0 | |a cze | |
| 044 | |a [CS] | ||
| 245 | 1 | 0 | |a Zabezpečení postupu ekonomické reformy v základních proporcích státního rozpočtu České republiky na rok 1992. |c R. Kaminský |
| 520 | |a Zásadné zmeny zaužívaných ekonomických mechanizmov. Rozpočtové vzťahy a východiská ich formovania. Zameranie štátneho rozpočtu Českej republiky na rok 1992 a zásadné zmeny úlohy štátu v ekonomike. Stručný prehľad príjmov a výdavkov. Problematika územných rozpočtov v roku 1992. | ||
| 610 | 2 | 0 | |a reformy hospodárske |
| 610 | 2 | 0 | |a rozpočet štátny |
| 610 | 2 | 0 | |a Čechy |
| 610 | 2 | 0 | |a 1992 |
| 610 | 2 | 0 | |a príjmy rozpočtu štátneho |
| 610 | 2 | 0 | |a výdavky rozpočtu štátneho |
| 610 | 2 | 0 | |a rozpočet miestny |
| 100 | 1 | |a Kaminský, R. | |